[Event "ENG-ch Seniors 65"]
[Site "Kenilworth"]
[Date "2024.05.27"]
[Round "5"]
[White "Jerome, Stellio"]
[Black "Neatherway, A Philip"]
[Result "0-1"]
[WhiteElo "1673"]
[BlackElo "1831"]
[PlyCount "96"]
[EventDate "2024.05.24"]
[EventType "swiss"]
[EventRounds "7"]
[EventCountry "ENG"]
[SourceTitle "CB22_2024"]
[SourceDate "2024.05.29"]
[SourceVersion "1"]
[SourceVersionDate "2024.05.29"]
[SourceQuality "1"]

1. f4 d5 2. e3 Nf6 3. Nf3 Bg4 4. Be2 Bxf3 5. Bxf3 g6 6. c4 c6 7. cxd5 cxd5 8. Nc3 Nc6 9. Qb3 e6 10. Qxb7 Rc8 11. 0-0 Be7 12. Nb5 a5 13. b3 0-0 14. Bb2 Nb4 15. Be5 Nd3 16. Na7 Nxe5 17. fxe5 Rc7 18. Qa6 Qa8 19. exf6 Rxa7 20. Qe2 Bxf6 21. d4 Bg7 22. Rac1 Rc8 23. Qd2 Rac7 24. Rxc7 Rxc7 25. Rc1 Qc8 26. Rxc7 Qxc7 27. g3 Bf8 28. Bd1 Bb4 29. Qc2 Qe7 30. Kg2 h5 31. h3 h4 32. g4 Bd6 33. e4 dxe4 34. Qxe4 Qg5 35. Kf3 Qd2 36. Be2 Qe1 37. Ke3 Bb4 38. Qf3 Qd2+ 39. Kf2 Qxd4+ 40. Qe3 Qd6 41. Kg2 Bc5 42. Qd3 Qe5 43. Bf1 Kg7 44. Qf3 Qd4 45. Qe2 Qg1+ 46. Kf3 Qg3+ 47. Ke4 f5+ 48. gxf5 gxf5# 0-1

[Event "ENG-ch Seniors 65"]
[Site "Kenilworth"]
[Date "2024.05.25"]
[Round "2"]
[White "Burnett, Jim"]
[Black "Jerome, Stellio"]
[Result "1-0"]
[WhiteElo "2014"]
[BlackElo "1673"]
[PlyCount "107"]
[EventDate "2024.05.24"]
[EventType "swiss"]
[EventRounds "7"]
[EventCountry "ENG"]
[SourceTitle "CB22_2024"]
[SourceDate "2024.05.29"]
[SourceVersion "1"]
[SourceVersionDate "2024.05.29"]
[SourceQuality "1"]

1. d4 f5 2. Nf3 Nf6 3. g3 e6 4. Bg2 Be7 5. c4 d6 6. 0-0 0-0 7. Nc3 Qe8 8. Re1 Ne4 9. Nxe4 fxe4 10. Nd2 d5 11. f3 exf3 12. Nxf3 Nd7 13. Qc2 c6 14. e4 Qh5 15. Rf1 Nf6 16. e5 Ne4 17. Be3 Bd7 18. Qb3 b6 19. Qd3 Be8 20. Nd2 Rxf1+ 21. Rxf1 Nxd2 22. Bxd2 Bg6 23. Qe3 Bf5 24. cxd5 cxd5 25. Rc1 h6 26. Qe1 Qg4 27. Bf4 Qh5 28. Rc7 Bg5 29. Bxg5 Qxg5 30. Qc3 Qg4 31. Bf3 Qg5 32. Kg2 Bg4 33. Bxg4 Qxg4 34. Qf3 Qg6 35. Qe2 Qf5 36. h3 a6 37. Qg4 Qxg4 38. hxg4 b5 39. Re7 Rc8 40. Rxe6 Rc2+ 41. Kf3 Rxb2 42. Rxa6 Rd2 43. Ke3 Rc2 44. Rd6 Rxa2 45. Rxd5 b4 46. Rb5 Ra3+ 47. Kf4 b3 48. e6 Kf8 49. Ke5 b2 50. Rxb2 Rxg3 51. d5 g5 52. Rb8+ Kg7 53. Kd6 Kf6 54. Rf8+ 1-0

[Event "Peterborough 4NCL Easter U1700 op"]
[Site "Peterborough"]
[Date "2024.03.31"]
[Round "5"]
[White "Graeme, Matthew"]
[Black "Jerome, Stellio"]
[Result "0-1"]
[WhiteElo "1156"]
[BlackElo "1674"]
[PlyCount "60"]
[EventDate "2024.03.29"]
[EventType "swiss"]
[EventRounds "7"]
[EventCountry "ENG"]
[SourceTitle "CB14_2024"]
[SourceDate "2024.04.01"]
[SourceVersion "1"]
[SourceVersionDate "2024.04.01"]
[SourceQuality "1"]

1. e4 e6 2. d4 d5 3. Nc3 Bb4 4. Bd2 Bxc3 5. Bxc3 dxe4 6. Qg4 Nf6 7. Qxg7 Rg8 8. Qh6 Nc6 9. 0-0-0 Rg6 10. Qd2 Nd5 11. Ne2 f5 12. g3 Rg8 13. Nf4 Nxf4 14. gxf4 Qd5 15. Be2 Ne7 16. Rhg1 Ng6 17. Bh5 Qxa2 18. Qe2 Bd7 19. Bxg6+ hxg6 20. Kd2 Qd5 21. Ra1 Bb5 22. Qe1 Ba6 23. b4 0-0-0 24. Rxa6 bxa6 25. Qe2 Rd6 26. Ra1 Kb7 27. Ra5 Qc6 28. b5 axb5 29. Rxb5+ Ka8 30. Ke3 Qxc3+ 0-1

[Event "Peterborough 4NCL Easter U1700 op"]
[Site "Peterborough"]
[Date "2024.03.31"]
[Round "4"]
[White "Jerome, Stellio"]
[Black "Patel, Diah Dipal"]
[Result "1-0"]
[WhiteElo "1674"]
[BlackElo "1495"]
[PlyCount "123"]
[EventDate "2024.03.29"]
[EventType "swiss"]
[EventRounds "7"]
[EventCountry "ENG"]
[SourceTitle "CB14_2024"]
[SourceDate "2024.04.01"]
[SourceVersion "1"]
[SourceVersionDate "2024.04.01"]
[SourceQuality "1"]

1. f4 d5 2. Nf3 Nf6 3. e3 g6 4. Be2 Bg7 5. 0-0 Nc6 6. d3 0-0 7. Qe1 Qd6 8. Nc3 a6 9. Kh1 e5 10. e4 d4 11. Nd1 Be6 12. Qh4 h6 13. fxe5 Nxe5 14. Bf4 Nfg4 15. Nxe5 g5 16. Ng6 fxg6 17. Bxd6 Rxf1+ 18. Bxf1 gxh4 19. Bxc7 Rc8 20. Bb6 Rxc2 21. Kg1 Be5 22. h3 Nf6 23. b3 Nh5 24. Nf2 Bg3 25. Bxd4 Kf8 26. Be3 Nf4 27. Ng4 Bxg4 28. hxg4 h5 29. gxh5 Nxh5 30. b4 h3 31. a3 h2+ 32. Kh1 Bd6 33. Bh6+ Kg8 34. d4 Ng3+ 35. Kxh2 Nxf1+ 36. Kg1 Ng3 37. e5 Nf5 38. exd6 Nxh6 39. d7 Nf7 40. Re1 Ra2 41. Re8+ Kg7 42. Re7 Kf6 43. Rxf7+ Kxf7 44. d8Q Rxa3 45. Qc7+ Ke6 46. Qxb7 Ra1+ 47. Kh2 Rd1 48. Qxa6+ Kf5 49. Qb5+ Kf6 50. d5 Rd4 51. Qc6+ Ke5 52. b5 Rxd5 53. b6 Rd6 54. Qc7 Ke6 55. b7 Rd7 56. Qc4+ Ke7 57. b8Q Rd8 58. Qe5+ Kf8 59. Qcf4+ Kg8 60. Qe6+ Kh7 61. Qff7+ Kh6 62. Qexg6# 1-0

[Event "Peterborough 4NCL Easter U1700 op"]
[Site "Peterborough"]
[Date "2024.03.30"]
[Round "3"]
[White "Bellano, Harry"]
[Black "Jerome, Stellio"]
[Result "1-0"]
[WhiteElo "1603"]
[BlackElo "1674"]
[PlyCount "96"]
[EventDate "2024.03.29"]
[EventType "swiss"]
[EventRounds "7"]
[EventCountry "ENG"]
[SourceTitle "CB14_2024"]
[SourceDate "2024.04.01"]
[SourceVersion "1"]
[SourceVersionDate "2024.04.01"]
[SourceQuality "1"]

1. e4 e6 2. d4 d5 3. e5 c5 4. c3 Nc6 5. Nf3 Nge7 6. Bd3 cxd4 7. cxd4 Bd7 8. Nc3 a6 9. 0-0 Nb4 10. Bb1 Ng6 11. a3 Nc6 12. b4 Rc8 13. Bb2 Na7 14. Nd2 Nb5 15. Na4 Nf4 16. Nc5 Bxc5 17. bxc5 Nc7 18. Qg4 g5 19. Bc1 h5 20. Qf3 f5 21. Nb3 Ng6 22. Na5 Bc6 23. Nxc6 bxc6 24. g3 h4 25. g4 Kd7 26. gxf5 Nf4 27. Bxf4 gxf4 28. Qxf4 Rf8 29. f6 Nb5 30. Qxh4 Rh8 31. Qf4 Nc3 32. Qe3 Qg8+ 33. Kh1 Nxb1 34. Rfxb1 Qg4 35. Rb7+ Rc7 36. Rxc7+ Kxc7 37. Rg1 Qh5 38. Qg3 Kd8 39. f7 Qxf7 40. Qg5+ Kc8 41. Qf6 Rxh2+ 42. Kxh2 Qh5+ 43. Kg3 Qh7 44. Qxe6+ Kb7 45. f4 Qd3+ 46. Kg4 Qe2+ 47. Kg5 Qe4 48. Qf5 Kc7 1-0

[Event "ENG-ch Seniors 65"]
[Site "Leamington Spa"]
[Date "2023.05.07"]
[Round "5"]
[White "Jones, Michael R"]
[Black "Jerome, Stellio"]
[Result "0-1"]
[WhiteElo "1477"]
[BlackElo "1518"]
[PlyCount "102"]
[EventDate "2023.05.04"]
[EventType "swiss"]
[EventRounds "7"]
[EventCountry "ENG"]
[SourceTitle "CBM 214 Extra"]
[Source "ChessBase"]
[SourceDate "2023.07.31"]
[SourceVersion "1"]
[SourceVersionDate "2023.07.31"]
[SourceQuality "1"]

1. d4 f5 2. Nf3 Nf6 3. g3 e6 4. Bg2 Be7 5. 0-0 0-0 6. c4 d6 7. Nc3 Qe8 8. Re1 Ne4 9. Qc2 Nxc3 10. bxc3 Nd7 11. e4 e5 12. c5 f4 13. Qb3+ Kh8 14. Ba3 fxg3 15. fxg3 Qh5 16. Rf1 Nf6 17. Qc2 Bh3 18. Rae1 Bd7 19. Rf2 Ng4 20. Rff1 Rf6 21. Bc1 Raf8 22. Qd3 Rxf3 23. Rxf3 Qxh2+ 24. Kf1 Rxf3+ 25. Qxf3 Bb5+ 26. Re2 Qh5 27. Ke1 Bxe2 28. Qxe2 Qg6 29. cxd6 Bxd6 30. Bf3 Nf6 31. d5 Qxg3+ 32. Kd1 Qg1+ 33. Kc2 Qc5 34. Be3 Qa3 35. Kd3 Qa6+ 36. c4 Qa3+ 37. Kc2 Qxa2+ 38. Kd1 Qb1+ 39. Bc1 Ba3 40. Qc2 Qxc1+ 41. Qxc1 Bxc1 42. Kxc1 g5 43. Bg2 b6 44. Kc2 Kg7 45. Kb3 g4 46. Kb4 a5+ 47. Kb5 Kf7 48. d6 cxd6 49. Kxb6 a4 50. c5 dxc5 51. Bf1 Nxe4 0-1

[Event "ENG-ch Seniors 65"]
[Site "Leamington Spa"]
[Date "2023.05.06"]
[Round "4"]
[White "Jerome, Stellio"]
[Black "Seymour, Paul"]
[Result "1/2-1/2"]
[WhiteElo "1518"]
[BlackElo "1599"]
[PlyCount "140"]
[EventDate "2023.05.04"]
[EventType "swiss"]
[EventRounds "7"]
[EventCountry "ENG"]
[SourceTitle "CBM 214 Extra"]
[Source "ChessBase"]
[SourceDate "2023.07.31"]
[SourceVersion "1"]
[SourceVersionDate "2023.07.31"]
[SourceQuality "1"]

1. f4 d5 2. Nf3 c5 3. e3 Nc6 4. Bb5 Bd7 5. Nc3 Nf6 6. 0-0 a6 7. Bxc6 Bxc6 8. b3 e6 9. Bb2 Be7 10. Ne2 0-0 11. Ng3 Rc8 12. d3 b5 13. Qe1 Bb7 14. f5 Qb6 15. fxe6 fxe6 16. Ne5 Rc7 17. Qe2 d4 18. e4 Bd6 19. Ng4 Be7 20. Bc1 Nxg4 21. Rxf8+ Bxf8 22. Qxg4 e5 23. Bg5 Qg6 24. Qh4 Rf7 25. Nf5 Bc8 26. Ne7+ Bxe7 27. Bxe7 Rf4 28. Rf1 Rxf1+ 29. Kxf1 c4 30. Bc5 Qf7+ 31. Ke2 cxd3+ 32. cxd3 Qf6 33. Qxf6 gxf6 34. Kf3 Kf7 35. g4 Kg6 36. Be7 a5 37. h4 Be6 38. g5 fxg5 39. hxg5 a4 40. bxa4 bxa4 41. a3 Bb3 42. Bf6 Bd1+ 43. Kf2 Bc2 44. Ke2 Bb3 45. Bxe5 Kxg5 46. Bxd4 Kf4 47. Bc5 Ke5 48. Ke3 Ba2 49. d4+ Ke6 50. Kf4 Bb3 51. Kg5 Bc2 52. Kf4 Bb3 53. d5+ Bxd5 54. exd5+ Kxd5 55. Bb4 Kc6 56. Kg5 Kb7 57. Kh6 Ka8 58. Kxh7 Kb7 59. Kg7 Kc6 60. Kf7 Kb7 61. Ke6 Kc6 62. Bf8 Kb7 63. Kd7 Ka8 64. Kc6 Ka7 65. Kb5 Kb7 66. Kxa4 Ka6 67. Bc5 Kb7 68. Ka5 Ka8 69. Ka6 Kb8 70. Bd6+ Ka8 1/2-1/2

[Event "ENG-ch Seniors 65"]
[Site "Leamington Spa"]
[Date "2023.05.05"]
[Round "3"]
[White "Jerome, Stellio"]
[Black "Robinson, Steve"]
[Result "1/2-1/2"]
[WhiteElo "1518"]
[BlackElo "1297"]
[PlyCount "68"]
[EventDate "2023.05.04"]
[EventType "swiss"]
[EventRounds "7"]
[EventCountry "ENG"]
[SourceTitle "CBM 214 Extra"]
[Source "ChessBase"]
[SourceDate "2023.07.31"]
[SourceVersion "1"]
[SourceVersionDate "2023.07.31"]
[SourceQuality "1"]

1. f4 Nc6 2. Nf3 d6 3. d4 Bf5 4. a3 g6 5. Nc3 Bg7 6. d5 Na5 7. Nd4 Bd7 8. e3 c5 9. Nf3 c4 10. Bd2 b5 11. Be2 Nf6 12. 0-0 Qb6 13. Nd4 a6 14. Be1 h5 15. h3 Nb7 16. Bf2 Nc5 17. Bf3 Rb8 18. e4 Qc7 19. Re1 e5 20. dxe6 Nxe6 21. Nxe6 Bxe6 22. e5 dxe5 23. Rxe5 Rd8 24. Qe2 0-0 25. Rc5 Qxf4 26. Be3 Qg3 27. Bg5 Rd7 28. Rc6 Qxg5 29. Rxe6 fxe6 30. Qxe6+ Kh7 31. Ne4 Qe3+ 32. Kh1 Re8 33. Nxf6+ Bxf6 34. Qxd7+ Re7 1/2-1/2

[Event "Hastings Masters op"]
[Site "Hastings"]
[Date "2022.12.30"]
[Round "3"]
[White "Jerome, Stellio"]
[Black "Faulks, Nick"]
[Result "1-0"]
[WhiteElo "1501"]
[BlackElo "1802"]
[PlyCount "57"]
[EventDate "2022.12.28"]
[EventType "swiss"]
[EventRounds "10"]
[EventCountry "ENG"]
[SourceTitle "CBM 212 Extra"]
[Source "ChessBase"]
[SourceDate "2023.03.31"]
[SourceVersion "1"]
[SourceVersionDate "2023.03.31"]
[SourceQuality "1"]

1. g4 d5 2. h3 c5 3. Bg2 Nc6 4. c4 d4 5. d3 e5 6. Nf3 Bd6 7. Nbd2 Qe7 8. Ne4 Bc7 9. Bd2 h6 10. Ng3 Bd7 11. Qc2 g6 12. g5 hxg5 13. Nxg5 f5 14. Bd5 Nf6 15. Bf7+ Kf8 16. Bxg6 f4 17. Nf5 Bxf5 18. Bxf5 Nd8 19. 0-0-0 Ne8 20. Rdg1 Nd6 21. Be4 Rh5 22. h4 Nxe4 23. Nxe4 Rxh4 24. f3 Ne6 25. Qd1 Rxh1 26. Rxh1 Qg7 27. Qf1 Ke7 28. Be1 Rg8 29. Bh4+ 1-0

[Event "Leamington Spa 4NCL op-C 28th"]
[Site "Leamington Spa"]
[Date "2022.07.10"]
[Round "5"]
[White "Jerome, Stellio"]
[Black "Dos Santos Silva, Bruno Alexandre"]
[Result "1-0"]
[WhiteElo "1562"]
[BlackElo "1679"]
[PlyCount "44"]
[EventDate "2022.07.08"]
[EventType "swiss"]
[EventRounds "5"]
[EventCountry "ENG"]
[SourceTitle "CBM 209 Extra"]
[Source "ChessBase"]
[SourceDate "2022.09.30"]
[SourceVersion "1"]
[SourceVersionDate "2022.09.30"]
[SourceQuality "1"]

1. e4 c5 2. d4 cxd4 3. c3 dxc3 4. Nxc3 Nc6 5. Nf3 e6 6. Bc4 a6 7. 0-0 b5 8. Bb3 Bc5 9. Qe2 Nge7 10. Bg5 0-0 11. Rfd1 Qb6 12. Bh4 Ng6 13. Bg3 Rd8 14. e5 Bb7 15. Ne4 Be7 16. h4 Bf8 17. h5 Nge7 18. Bc2 Nf5 19. Bh2 Ncd4 20. Nxd4 Nxd4 21. Rxd4 Qxd4 22. Rd1 Qxe5 1-0